Masada, (Record no. 34067)
[ view plain ]
| 000 -LEADER | |
|---|---|
| fixed length control field | 00710cam a22002291 4500 |
| 001 - CONTROL NUMBER | |
| control field | he 68004302 |
| 003 - CONTROL NUMBER IDENTIFIER | |
| control field | DLC |
| 005 - DATE AND TIME OF LATEST TRANSACTION | |
| control field | 20260227111508.0 |
| 008 - FIXED-LENGTH DATA ELEMENTS--GENERAL INFORMATION | |
| fixed length control field | 721114s1965 xx 000 0 eng |
| 010 ## - LIBRARY OF CONGRESS CONTROL NUMBER | |
| LC control number | he 68004302 |
| 035 ## - SYSTEM CONTROL NUMBER | |
| System control number | (OCoLC)494099 |
| 040 ## - CATALOGING SOURCE | |
| Original cataloging agency | DLC |
| Transcribing agency | OCH |
| Modifying agency | DLC |
| 042 ## - AUTHENTICATION CODE | |
| Authentication code | premarc |
| 050 00 - LIBRARY OF CONGRESS CALL NUMBER | |
| Classification number | DS110.M5 |
| Item number | L52 |
| 100 1# - MAIN ENTRY--PERSONAL NAME | |
| Personal name | Livneh, Mikhah. |
| 245 10 - TITLE STATEMENT | |
| Title | Masada, |
| Remainder of title | by Micha Livneh and Zeʻev Meshel. Preface: Yigael Yadin. |
| 260 ## - PUBLICATION, DISTRIBUTION, ETC. | |
| Place of publication, distribution, etc. | [Tel Aviv, |
| Name of publisher, distributor, etc. | National Parks Authority, |
| Date of publication, distribution, etc. | 1965] |
| 300 ## - PHYSICAL DESCRIPTION | |
| Extent | [33] p. (incl. cover) |
| Other physical details | illus., facsim., col. maps (1 fold.), col. plans. |
| Dimensions | 12 x 17 cm. |
| 500 ## - GENERAL NOTE | |
| General note | Cover title. |
| 651 #0 - SUBJECT ADDED ENTRY--GEOGRAPHIC NAME | |
| Geographic name | Masada Site (Israel) |
| 700 1# - ADDED ENTRY--PERSONAL NAME | |
| Personal name | Meshel, Zeev, |
| Relator term | joint author. |
No items available.